| 000 | 00500nam a2200181 a 4500 | ||
|---|---|---|---|
| 001 | 17462 | ||
| 005 | 20180713210617.0 | ||
| 008 | 140415s1991 000 0 spa d | ||
| 020 | _a9682427363 | ||
| 041 | _aspa | ||
| 082 |
_a380.1459104 _bPEA |
||
| 100 | 1 | _aPEARCE, DOUGLAS | |
| 245 | 1 | 0 |
_aDESARROLLO TURISTICO : _bSU PLANIFICACION Y UBICACION GEOGRAFICAS |
| 260 |
_a[s.l.] : _bTRILLAS, _c1991 |
||
| 300 | _a168 | ||
| 490 | _aTRILLAS TURISMO | ||
| 650 | 1 | 4 |
_aPLANEAMIENTO _xTURISMO |
| 999 |
_c17462 _d17462 |
||